000 00308nam a2200133Ia 4500
005 20251222144727.0
008 251222s9999||||xx |||||||||||||| ||spa||
020 _a84-8280-704-8
082 _a848.8/V53S/1984
100 _aVerne, Julio
245 0 _aMiguel Strogoff
264 _bOveja Negra
942 _cLIB
999 _c18455
_d18455